000 00496nam a2200193Ia 4500
005 20240823025714.0
008 240823s9999||||xx |||||||||||||| ||und||
020 _a81-88458-62-7
041 _aENGLISH
082 _A621.3028 P9
100 _aGupta J B
245 0 _aElectrical Engineering Materials & Semiconductor Devices
250 _a2nd
260 _c2010
_b"S K Kataria and Sons,"
500 _aYES
650 _aElectrical Engineeirng
_bElectrical
942 _cBK
999 _c186958
_d186958